Responses for show #7645 - Friday, December 1, 2017

Contestants

[<< previous game]

Melissa Fall, a writer from Los Angeles, California

Tal Kedem, an attorney from New York, New York

Lisa Kristina, a freelance musician from Chicago Heights, Illinois (whose 1-day cash winnings total $15,900)

[next game >>]

Jeopardy! Round responses

THRILLERS & MYSTERIES
BEASTLY GLOSSARY
3 CONSECUTIVE VOWELS
U.S. LANDMARKS
FITNESS
NEW GAME VERSIONS
    $200 4
(Melissa: What is a train?)
(Tal: What is an ocean liner?)
(Alex: No, they won't give it to you.)
[Tal originally ruled incorrect; ruled correct during the contestant interviews]

a cruise ship

TalMelissa
    $200 1
a burrow

Tal
    $200 9
(Tal: What is oink?)

squeal

Tal
Triple Stumper
    $200 14
the Washington Monument

Tal
    $200 20
resistance

Tal
    $200 25
(Alex: Less than a minute.)

the Incredible Hulk

Tal
    $400 5
The Da Vinci Code

Melissa
    $400 2
feral

Tal
    $400 10
a bureau

Tal
    $400 15
the Grand Canyon

Melissa
    $400 21
anaerobic

Tal
    $400 26
Monopoly

Tal
    $600 6
Central Park

Tal
    $600 3
fins

Melissa
    $600 11
impetuous

Tal
    $600 17
Plymouth Rock

Lisa
    $600 22
boot camp

Tal
    $600 27
Jenga

Lisa
    $800 16
Tinker Tailor Soldier Spy

Tal
    $800 7
the tail

Lisa
    $800 12
(Tal: What is zealous?)

pious

LisaTal
    $800 18
the Hoover Dam

Tal
    $1,200 23
tai chi

Tal
    $800 28
Golden Girls

Lisa
    $1000 8
a metamorphosis

Tal
    $1000 13
(Melissa: What is louche?)

a roué

LisaMelissa
    $1000 19
Washington

Tal
    $1000 24
SoulCycle

Tal
    $1000 29
[The end-of-round signal sounds.]

Yahtzee

Lisa

Scores at the first commercial break (after clue 15):

Lisa Tal Melissa
$2,600 $2,600 $200

Scores at the end of the Jeopardy! Round:

Lisa Tal Melissa
$5,600 $9,200 $200

Double Jeopardy! Round responses

CZECHNOLOGY
PAINTERS ON FILM
"COMMON" KNOWLEDGE
THAT ISLAND IS OURS!
DOWN HOME TALK
MEDIEVAL FOLKS WHO COULD WRITE
    $400 28
an explosive

Tal
    $400 1
the Sistine Chapel

Lisa
    $400 16
the common cold

Lisa
    $400 21
the Philippines

Tal
    $400 11
yonder

Lisa
    $400 6
Spain

Tal
    $800 24
a sugar cube

Triple Stumper
    $800 2
Frida

Tal
    $800 17
The Book of Common Prayer

Lisa
    $800 22
Ireland

Lisa
    $800 12
varmint

Tal
    $800 7
scribes

Lisa
    $1200 25
(Alex: Less than a minute now.)

blood types

Tal
    $2,000 3
Moulin Rouge

Tal
    $1200 18
Boston Common

Tal
    $1200 23
(Melissa: What is Florida?)
(Alex: Florida...)
(Melissa: What is [*]?)
(Alex: Thank you.)

the United States

Melissa
    $1200 13
a honky tonk

Tal
    $1200 8
(Tal: What are characters?)
(Melissa: What is calligraphy?)
(Lisa: What are manuscripts?)

poems

LisaTalMelissa
Triple Stumper
    $1600 26
contact lenses

Lisa
    $1600 4
Amy Adams

Melissa
    $1600 19
Common Sense

Tal
    $2,000 29
(Tal: What is France?)
...
[The end-of-round signal sounds.]

Italy

Tal
    $1600 14
that dog don't (or won't) hunt

Lisa
    $1600 9
St. Thomas Aquinas

Triple Stumper
    $2000 27
a screw

Tal
    $2000 5
I Shot Andy Warhol

Melissa
    $2000 20
Commonwealth Day

Tal
    $2000 15
land office

Lisa
    $2000 10
Alfred (the Great)

Lisa

Scores at the end of the Double Jeopardy! Round:

Lisa Tal Melissa
$15,200 $20,000 $3,800

[wagering suggestions for these scores]

Final Jeopardy! Round responses

HISTORIC WORLD BUILDINGS
(Alex: Who was emperor around 65 A.D.?)
...
(Alex: [To Lisa] Nero was emperor from 54 to 68 A.D.)
MelissaWho is Caesar?
$3,800
LisaWho is Nero?
$5,000
TalWho is Augustus
$10,401
Nero

Final scores:

Lisa Tal Melissa
$20,200 $9,599 $0
2-day champion: $36,100 2nd place: $2,000 3rd place: $1,000

Game dynamics:

Coryat scores:

Lisa Tal Melissa
$15,200 $20,800 $3,800
17 R,
1 W
30 R
(including 2 DDs),
4 W
(including 1 DD)
6 R,
3 W

Combined Coryat: $39,800

The J! Archive is created by fans, for fans. The Jeopardy! game show and all elements thereof, including but not limited to copyright and trademark thereto, are the property of Jeopardy Productions, Inc. and are protected under law. This website is not affiliated with, sponsored by, or operated by Jeopardy Productions, Inc. Join the discussion at JBoard.tv.